Online Public Access Catalogue

Endodontics in Clinical Practice (Record no. 4722)

MARC details
000 -LEADER
fixed length control field 00400nam a2200169Ia 4500
020 ## - INTERNATIONAL STANDARD BOOK NUMBER
International Standard Book Number 0723619557
082 ## - DEWEY DECIMAL CLASSIFICATION NUMBER
Classification number 617.6342
Author Mark HAR
100 ## - MAIN ENTRY--PERSONAL NAME
Author Name Harty, F. J.
245 #0 - TITLE STATEMENT
Title Endodontics in Clinical Practice
250 ## - EDITION STATEMENT
Edition statement 3rd
260 ## - PUBLICATION, DISTRIBUTION, ETC.
Place of publication, distribution, etc. London
Name of publisher, distributor, etc. Wright
Date of publication, distribution, etc. 1990
300 ## - PHYSICAL DESCRIPTION
No of Pages xix; 366p.
illustrations ill
Dimensions 21 cm
504 ## - BIBLIOGRAPHY, ETC. NOTE
Bibliography, Index, etc. note Include: Index
650 ## - SUBJECT ADDED ENTRY--TOPICAL TERM
Subject Dentistry
650 ## - SUBJECT ADDED ENTRY--TOPICAL TERM
Subject Endodontics.
Keywords IMDC
942 ## - ADDED ENTRY ELEMENTS (KOHA)
Koha item type Books
Source of classification or shelving scheme
952 ## - LOCATION AND ITEM INFORMATION (KOHA)
-- 2018-03-16
Holdings
Item status Home library Current library Shelving location Date acquired Total Checkouts Full call number Barcode Date last seen Koha item type
  Islamabad Medical and Dental College Islamabad Medical and Dental College Islamabad Medical and Dental College 16/03/2018   WU 230 6428 16/03/2018 Books

Copyright @ IMDC Library
Islamabad Medical and Dental College
Bhara Kahu, Islamabad

  Contact the Librarian, IMDC
  Email:: library@imdcollege.edu.pk

  OPAC Customized by
  Mazhar Hussain,
  Librarian:
  Islamabad Medical and Dental College
  Email:: library@imdcollege.edu.pk